000 00360 a2200169 4500
001 160542
020 _a85-02-01523-0
040 _cMagnum
100 _aRios, Rosana
240 1 0 _aDa matéria dos sonhos
_lpor
245 1 0 _aDa matéria dos sonhos
300 _a133
362 0 _a1995
440 1 _aSaraiva
697 _aLITERATURA JUVENIL
942 _cBK
999 _c160542
_d160542